Loading...
| Current Events | 2 | 15.00 | 100% | 0% | 50% |
| Fine Arts - Auditory | 3 | 23.33 | 100% | 100% | 33% |
| Fine Arts - Other | 8 | 18.75 | 100% | 75% | 13% |
| Fine Arts - Visual | 7 | 12.86 | 86% | 43% | 0% |
| Geography | 4 | 10.00 | 100% | 0% | 0% |
| History - American | 1 | 10.00 | 100% | 0% | 0% |
| History - Ancient | 2 | 15.00 | 100% | 50% | 0% |
| History - Ancient/Other | 6 | 10.00 | 83% | 17% | 0% |
| History - European | 1 | 0.00 | 0% | 0% | 0% |
| History - World | 6 | 13.33 | 83% | 33% | 17% |
| Literature - American | 2 | 15.00 | 100% | 50% | 0% |
| Literature - British | 2 | 10.00 | 100% | 0% | 0% |
| Literature - European | 4 | 12.50 | 100% | 25% | 0% |
| Literature - World | 6 | 13.33 | 100% | 33% | 0% |
| Mythology | 1 | 10.00 | 100% | 0% | 0% |
| Other Academic | 1 | 20.00 | 100% | 100% | 0% |
| Philosophy | 6 | 23.33 | 83% | 100% | 50% |
| Religion | 3 | 13.33 | 67% | 67% | 0% |
| Science - Biology | 6 | 8.33 | 83% | 0% | 0% |
| Science - Chemistry | 3 | 20.00 | 67% | 100% | 33% |
| Science - Other | 6 | 20.00 | 100% | 83% | 17% |
| Science - Physics | 3 | 20.00 | 100% | 100% | 0% |
| Social Science | 6 | 18.33 | 83% | 100% | 0% |